Practical ECG interpretation (Record no. 61497)
[ view plain ]
| 000 -LEADER | |
|---|---|
| fixed length control field | 01209nam a2200301Ia 4500 |
| 082 04 - DEWEY DECIMAL CLASSIFICATION NUMBER | |
| Classification number | 616.1/20754 |
| 100 1# - MAIN ENTRY--AUTHOR NAME | |
| Personal name | Stouffer, George A. |
| 245 10 - TITLE STATEMENT | |
| Title | Practical ECG interpretation |
| 260 ## - PUBLICATION, DISTRIBUTION, ETC. (IMPRINT) | |
| Place of publication | Chichester, West Sussex, UK ; |
| -- | Hoboken, NJ : |
| Name of publisher | Wiley-Blackwell, |
| Year of publication | 2009. |
| 300 ## - PHYSICAL DESCRIPTION | |
| Number of Pages | vi, 157 p. : |
| Other physical details | ill. |
| 650 #0 - SUBJECT ADDED ENTRY--TOPICAL TERM | |
| Topical Term | Electrocardiography. |
| Topical Term | Young adults |
| 856 40 - ELECTRONIC LOCATION AND ACCESS | |
| Uniform Resource Identifier | http://site.ebrary.com/lib/rucke/Doc?id=10308059 |
No items available.
